Essentials of statistics for the behavioral sciences / (Record no. 288407)
[ view plain ]
| 000 -LEADER | |
|---|---|
| fixed length control field | 01062nam a2200289 i 4500 |
| 001 - CONTROL NUMBER | |
| control field | SSB062702 |
| 003 - CONTROL NUMBER IDENTIFIER | |
| control field | SISC |
| 005 - DATE AND TIME OF LATEST TRANSACTION | |
| control field | 20170116090040.0 |
| 008 - FIXED-LENGTH DATA ELEMENTS--GENERAL INFORMATION | |
| fixed length control field | 130829t20142014caua b 001 0 eng d |
| 020 ## - INTERNATIONAL STANDARD BOOK NUMBER | |
| International Standard Book Number | 9781285051253 (instructor's edition) |
| 020 ## - INTERNATIONAL STANDARD BOOK NUMBER | |
| International Standard Book Number | 1285051254 (instructor's edition) |
| 020 ## - INTERNATIONAL STANDARD BOOK NUMBER | |
| International Standard Book Number | 9781133956570 (student edition) |
| 020 ## - INTERNATIONAL STANDARD BOOK NUMBER | |
| International Standard Book Number | 1133956572 (student edition) |
| 040 ## - CATALOGING SOURCE | |
| Original cataloging agency | OSU |
| Language of cataloging | eng |
| Description conventions | rda |
| Transcribing agency | OSU |
| 049 ## - LOCAL HOLDINGS (OCLC) | |
| Holding library | OSUU |
| 050 #4 - LIBRARY OF CONGRESS CALL NUMBER | |
| Classification number | HA 29 |
| Item number | .G788 2014 |
| 100 1# - MAIN ENTRY--PERSONAL NAME | |
| Personal name | Gravetter, Frederick J., |
| Relator term | author. |
| 245 10 - TITLE STATEMENT | |
| Title | Essentials of statistics for the behavioral sciences / |
| Statement of responsibility, etc | Frederick J. Gravetter and Larry B. Wallnau. |
| 250 ## - EDITION STATEMENT | |
| Edition statement | 8th edition, Instructor's edition. |
| 260 ## - PUBLICATION, DISTRIBUTION, ETC. (IMPRINT) | |
| Place of publication, distribution, etc | Belmont, CA : |
| Name of publisher, distributor, etc | Wadsworth, Cengage Learning, |
| Date of publication, distribution, etc | 2014. |
| 300 ## - PHYSICAL DESCRIPTION | |
| Extent | xvi, 631 pages : |
| Other physical details | color illustrations ; |
| Dimensions | 26 cm. |
| 500 ## - GENERAL NOTE | |
| General note | "Instructor's edition. Eighth edition"--Cover. |
| 500 ## - GENERAL NOTE | |
| General note | Includes bibliographical references and index. |
| 650 #0 - SUBJECT ADDED ENTRY--TOPICAL TERM | |
| Topical term or geographic name as entry element | Social sciences |
| General subdivision | Statistical methods. |
| 700 1# - ADDED ENTRY--PERSONAL NAME | |
| Personal name | Wallnau, Larry B., |
| Relator term | author. |
| 942 ## - ADDED ENTRY ELEMENTS (KOHA) | |
| Source of classification or shelving scheme | Library of Congress Classification |
| Koha item type | Books |
| Withdrawn status | Lost status | Source of classification or shelving scheme | Damaged status | Home library | Current library | Shelving location | Date acquired | Source of acquisition | Cost, normal purchase price | Sub Shelving location | Total Checkouts | Total Renewals | Full call number | Barcode | Date last seen | Date checked out | Price effective from | Koha item type |
|---|---|---|---|---|---|---|---|---|---|---|---|---|---|---|---|---|---|---|
| Library of Congress Classification | College Library | College Library | Reserve Section | 08/19/2015 | Donation | 7038.00 | 4 | 35 | HA 29 .G788 2014 | C19709 | 04/26/2019 | 01/07/2019 | 08/19/2015 | Books |